000 00802nam a2200229 a 4500
001 40256
003 BD-RjUL
005 20211209053158.0
008 160426s1964 bg ||||| |||| 00| 0 ben d
020 _c: IRs 8.00
035 _a(BD-RjUL) 40371
040 _aBD-RjUL
_bben
_cBD-RjUL
041 _aben
082 _223
_a297.09
_bRAM 1964
100 _aরহমান, মামূহদুর
_9124025
245 1 0 _aমাহবূবে-খোদা /
_cমামূহদুর রহমান
260 _aঢাকা :
_bসোবহানিয়া লাইব্রেরী,
_c১৯৬৪
300 _a[১০], ৪১৮ পৃ. ;
_c২২ সেমি.
650 _aইসলাম
_xইতিহাস
_9124026
650 _aIslam
_xHistory
_9124027
942 _2ddc
_cBK
999 _c40256
_d40256